| 000 | 00716nam a2200229 a 4500 | ||
|---|---|---|---|
| 005 | 20240611063653.0 | ||
| 008 | 190115s2017 mx r 000 0 spa d | ||
| 020 | _a9786078511181 | ||
| 035 | _aUPN01000228382 | ||
| 049 | _aCG | ||
| 050 | 4 |
_aQA159 _bC3.2 |
|
| 100 | 1 |
_aCasas Alfonso, Esperanza _942414 |
|
| 245 | 1 | 0 |
_aAlgebra recreativa : _bprocesos básicos para el desarrollo del pensamiento / _cEsperanza Casas Alfonso. |
| 260 |
_aMéxico : _bNEISA : _bMagisterio, _c2017. |
||
| 300 |
_a174 p. : _bil. |
||
| 440 | 0 | _aAula alegre | |
| 650 | 4 |
_aÁlgebra _xEstudio y enseñanza _92073 |
|
| 650 | 0 |
_aRecreaciones matemáticas _96050 |
|
| 650 | 2 |
_aPensamiento lógico _913767 |
|
| 905 | _aLibro | ||
| 999 |
_c200477 _d200477 |
||